| 000 | 00500nam a2200157Ia 4500 | ||
|---|---|---|---|
| 008 | 151213s9999 xx 000 0 und d | ||
| 020 | _a0-521-55547-7 | ||
| 100 | _aAdrian DOFF Christopher Jhon's | ||
| 245 |
_aLanguage in Use, Teacher's Book Upper Intermediate _cAdrian DOFF Christopher Jhon's |
||
| 260 |
_aNew York _bCambridge University Press _c1997 |
||
| 300 | _a5187 p. | ||
| 650 | _aEnglish Language | ||
| 650 | _aEnglish Language | ||
| 700 | _aAdrian DOFF Christopher Jhon's | ||
| 999 |
_c3202 _d3202 |
||